Phương pháp Shadow 33 bài giao tiếp tương tác trị mất gốc tiếng Anh

Sparad:
Bibliografiska uppgifter
Huvudupphovsman: Huyền Windy
Materialtyp: Bok
Språk:Vietnamese
Publicerad: Hà Nội Hồng Đức 2019
Ämnen:
Taggar: Lägg till en tagg
Inga taggar, Lägg till första taggen!
Thư viện lưu trữ: Trung tâm Học liệu Lê Vũ Hùng, Trường Đại học Đồng Tháp
LEADER 00728pam a22002178a 4500
001 00044887
005 20191016141015.0
008 130124s2011 ||||||viesd
020 # # |c 198000  |a 9786048983079 
041 0 # |a vie 
082 1 4 |b PH561PH  |a 428 
100 1 # |a Huyền Windy 
245 1 0 |a Phương pháp Shadow  |c Huyền Windy  |b 33 bài giao tiếp tương tác trị mất gốc tiếng Anh 
260 # # |a Hà Nội  |b Hồng Đức  |c 2019 
300 # # |a 288 tr.  |c 24 cm.  |b minh họa 
653 # # |a Ngôn ngữ 
653 # # |a Tiếng Anh 
653 # # |a Tự học 
852 # # |j KD.0026326 
910 # # |d 16/10/2019 
980 # # |a Trung tâm Học liệu Lê Vũ Hùng, Trường Đại học Đồng Tháp